| 000 | 00824nam a2200229 a 4500 | ||
|---|---|---|---|
| 001 | BRCA_604 | ||
| 005 | 20190320203100.0 | ||
| 008 | 830322r19831976nyua---##b---#001-0#eng-# | ||
| 020 | _a0517413590 | ||
| 040 |
_aDLC _cDLC _dDLC |
||
| 050 | 4 |
_aTS543.U6 _b.D57 1983 |
|
| 100 | 1 |
_aDistin, William H. _92070 |
|
| 245 | 1 | 0 |
_aThe American Clock _bA Comprehensive Pictorial Survey : 1723-1900 : with a Listing of 6153 Clockmakers _cWilliam H. Distin and Robert Bishop. |
| 260 |
_aNueva York _bBonanza Books _c1983 |
||
| 300 |
_a359 p. _bil. (algunas a color) _c29 cm. |
||
| 500 | _aIncluye glosario e índice alfabético | ||
| 504 | _aBibliografía: p. 352 | ||
| 650 | 1 | 4 |
_aRelojes _xHistoria _zEstados Unidos _92071 |
| 650 | 1 | 4 |
_aRelojeros _vDirectorios _zEstados Unidos _92072 |
| 700 | 1 |
_aBishop, Robert Charles _92073 |
|
| 942 |
_2lcc _cB |
||
| 999 |
_c530 _d530 |
||